RMP - Philosophy | 0 | 4 | 0 | 0 | 40 | 72 | 95.50 | 0 | 0 |
History - World | 0 | 3 | 0 | 0 | 30 | 94 | 113.00 | 0 | 0 |
Literature - World and Miscellaneous | 1 | 1 | 0 | 0 | 25 | 60 | 93.50 | 0 | 1 |
History - American | 1 | 1 | 0 | 0 | 25 | 76 | 91.50 | 0 | 0 |
Fine Arts - Painting | 0 | 2 | 0 | 0 | 20 | 75 | 100.50 | 0 | 0 |
RMP - World Mythology | 0 | 2 | 0 | 0 | 20 | 107 | 125.50 | 0 | 0 |
Literature - British | 1 | 0 | 0 | 0 | 15 | 68 | 68.00 | 0 | 0 |
Science - Biology | 1 | 0 | 0 | 0 | 15 | 56 | 56.00 | 0 | 0 |
Social Science - Psychology | 0 | 1 | 0 | 0 | 10 | 63 | 63.00 | 0 | 0 |
Fine Arts - Architecture | 0 | 1 | 0 | 0 | 10 | 116 | 116.00 | 0 | 0 |
Fine Arts - Sculpture | 0 | 1 | 0 | 0 | 10 | 134 | 134.00 | 0 | 0 |
Geography - Europe | 0 | 1 | 0 | 0 | 10 | 112 | 112.00 | 0 | 0 |
History - Cross, Historiography, and Miscellaneous | 0 | 1 | 0 | 0 | 10 | 84 | 84.00 | 0 | 0 |
History - European | 0 | 1 | 0 | 0 | 10 | 83 | 83.00 | 0 | 0 |
Literature - American | 0 | 1 | 0 | 0 | 10 | 99 | 99.00 | 0 | 0 |
RMP - Buddhism | 0 | 1 | 0 | 0 | 10 | 120 | 120.00 | 0 | 0 |
Science - Math | 0 | 1 | 0 | 0 | 10 | 68 | 68.00 | 0 | 1 |
Social Science - Economics | 0 | 1 | 0 | 0 | 10 | 85 | 85.00 | 0 | 0 |
Current Events - U.S. | 0 | 1 | 0 | 0 | 10 | 120 | 120.00 | 0 | 0 |
Literature - European | 0 | 0 | 0 | 0 | 0 | | 0.00 | 0 | 0 |
Fine Arts - Miscellaneous | 0 | 0 | 0 | 0 | 0 | | 0.00 | 0 | 0 |
Fine Arts - Jazz | 0 | 0 | 0 | 0 | 0 | | 0.00 | 0 | 0 |
Science - Chemistry | 0 | 0 | 0 | 0 | 0 | | 0.00 | 0 | 0 |
Social Science - Linguistics | 0 | 0 | 0 | 0 | 0 | | 0.00 | 0 | 0 |
Other - Other Academic and General Knowledge | 0 | 0 | 0 | 0 | 0 | | 0.00 | 0 | 0 |
Science - Physics | 0 | 0 | 0 | 0 | 0 | | 0.00 | 0 | 0 |
RMP - Greco-Roman Mythology | 0 | 0 | 0 | 0 | 0 | | 0.00 | 0 | 0 |
RMP - Hinduism | 0 | 0 | 0 | 0 | 0 | | 0.00 | 0 | 0 |